Biodiversity and ecological economics : participation, values and resource management

Bibliographic Details
Main Author: TACCONI
Format: Book
Published: London : Earthscan , 2000
Subjects:

MARC

LEADER 00000cam a2200000 7i4500
001 0000002118
005 20021107.0
020 0 0 |a 1853836761 
090 0 0 |a 333.7   |b TAC 2000 
100 1 0 |a TACCONI   |h Luca 
245 1 0 |a Biodiversity and ecological economics :   |b participation, values and resource management   |c Luca Tacconi 
260 0 0 |a London :   |b Earthscan ,   |c 2000 
300 |a xiii, 254 p. ;   |c 24 cm. 
500 0 0 |a Includes bibliography : p. 221-246 and index 
650 0 0 |a Biological diversity conservation 
650 0 0 |a Biological diversity conservation   |x Case studies 
650 0 0 |a Conservation of natural resources   |x Economic aspects 
650 0 0 |a Ecology   |x Economic aspects 
650 0 0 |a Ecology   |x Economic aspects   |x Case studies 
650 0 0 |a Environmental economics 
998 |a JPSM 
999 |a 0000003507   |b Monograph   |c Open Shelf   |e Default branch